000 01123nam a2200229Ia 4500
001 10488
003 GE_BSU
008 181216s||||||||xx |||||||||||||| ||und||
040 _cGE_BSU
080 _a821.353.1-1+821.353.1-11
100 _aჭავჭავაძე,ილია
245 _aქართული პოეზია. 15 ტომად:ტ.7.ილია ჭავჭავაძე : [ლექსები და პოემები]
245 _cსარედ. კოლ.: გრ. აბაშიძე, ან. კალანდაძე, მ. ლებანიძე და სხვ.წინათქმის ავტ. ს. ჩიქოვანი] ; შეადგინა არჩ. სულაკაურმა
260 _aთბილისი
260 _bნაკადული
260 _c1977
300 _a371გვ.18სმ.
300 _cლექსიკონი გვ.356-367
653 _aილია ჭავჭავაძე[ლექსები და პოემები
653 _aქართული პოეზია
942 _cBK
999 _c43743
_d43743